000 00630 a2200193 4500
999 _c7852
_d7852
020 _a9780070146808
050 _aHF 5718 LES 2009
100 _aLesikar, Raymond V.
_eauthor
245 _aBusiness communication :
_bmaking connections in a digital world /
_cRaymond V. Lesikar......etal
250 _a11th
264 _aNew Delhi:
_bTata McGraw Hill Education Private Limited,
_c2009.
300 _a736p. :
500 _aIncludes index
650 _aBusiness communication
700 _aFlatley, Marie E.
_eauthor
700 _aRentz, Kathryn
_eauthor
700 _aPande, Neerja
_eauthor
942 _2lcc
_cBK
_e11th
_h5718
_iBUS
_kHF